Dr. Seuss's ABC

Bibliographic Details
Main Author: Seuss Dr
Format: Book
Published: New York : Random House , 1991
Series:Beginner books
Subjects:

MARC

LEADER 00000cam a2200000 7i4500
001 0000190708
005 20150224.0
020 |a 9780394800301 
090 0 0 |a JF   |b SEU 
100 0 |a Seuss   |c Dr. 
245 1 0 |a Dr. Seuss's ABC   |c Dr. Seuss 
260 |a New York :   |b Random House ,   |c 1991 
300 |a 63p. :   |b ill.(some col.) ;   |c 24cm. 
490 0 |a Beginner books 
650 0 |a Children's stories 
999 |a 00303628   |b BUKU   |c PINJAMAN   |e PERPUSTAKAAN KOMUNITI PETALING JAYA 
999 |a 00408670   |b BUKU   |c PINJAMAN   |e MOBILE LIBRARY PKPJ